ՀՀ Գիտությունների ազգային ակադեմիայի հիմնարար գիտական գրադարան  =   Fundamental Scientific Library of NAS RA

Повести : (Record no. 284926)

MARC details
000 -LEADER
fixed length control field 01038nam a2200253 u 4500
001 - CONTROL NUMBER
control field 000778107
003 - CONTROL NUMBER IDENTIFIER
control field AM-YeHGA
005 - DATE AND TIME OF LATEST TRANSACTION
control field 20250617143956.0
008 - FIXED-LENGTH DATA ELEMENTS--GENERAL INFORMATION
fixed length control field 101210s1978 |||| |||||||||| | rus c
040 ## - CATALOGING SOURCE
Original cataloging agency AM-YeHGA
041 0# - LANGUAGE CODE
Language code of text/sound track or separate title rus
090 ## - LOCALLY ASSIGNED LC-TYPE CALL NUMBER (OCLC); LOCAL CALL NUMBER (RLIN)
-- 286588
100 1# - MAIN ENTRY--PERSONAL NAME
Personal name Толстой, Лев Николаевич,
Dates associated with a name 1828-1910
245 10 - TITLE STATEMENT
Title Повести :
Remainder of title Казаки; Поликушка; Холстомер; Смерть Ивана Ильича; Хозяин и работник; Хаджи-Мурат /
Statement of responsibility, etc. Л.Н. Толстой; Вступ. ст. С. Залыгина; Сост. и примеч. Н. Акоповой.
260 ## - PUBLICATION, DISTRIBUTION, ETC.
Place of publication, distribution, etc. Москва :
Name of publisher, distributor, etc. Сов. Россия,
Date of publication, distribution, etc. 1978.
300 ## - PHYSICAL DESCRIPTION
Extent 480 с. ;
Dimensions 20 см.
700 1# - ADDED ENTRY--PERSONAL NAME
Personal name Залыгин, С.
Relator term вступ. ст.
Relationship aui
700 1# - ADDED ENTRY--PERSONAL NAME
Personal name Акопова, Н.
Relator term сост.
Relationship com
740 02 - ADDED ENTRY--UNCONTROLLED RELATED/ANALYTICAL TITLE
Uncontrolled related/analytical title Поликушка
740 02 - ADDED ENTRY--UNCONTROLLED RELATED/ANALYTICAL TITLE
Uncontrolled related/analytical title Холстомер
740 02 - ADDED ENTRY--UNCONTROLLED RELATED/ANALYTICAL TITLE
Uncontrolled related/analytical title Смерть Ивана Ильича
740 02 - ADDED ENTRY--UNCONTROLLED RELATED/ANALYTICAL TITLE
Uncontrolled related/analytical title Хозяин и работник
740 02 - ADDED ENTRY--UNCONTROLLED RELATED/ANALYTICAL TITLE
Uncontrolled related/analytical title Хаджи-Мурат
Holdings
Withdrawn status Lost status Damaged status Not for loan Collection Home library Current library Date acquired Total checkouts Full call number Barcode Date last seen Price effective from Koha item type Public note
        General Fundamental Scientific Library Fundamental Scientific Library 29/12/2016   PII/421420 FL0435790 29/12/2016 29/12/2016 Գրքեր / Books 30 Days Loan


ՀՀ ԳԱԱ հիմնարար գիտական գրադարան
ՀՀ,Երևան 0019
Մարշալ Բաղրամյան 24/6
հեռախոս:(374-10) 52-47-50
Հետադարձ կապ

All site content, except where otherwise noted, is licensed under a
Creative Commons License